Normal view
MARC view
- علي، مأمون محمد محمود
Entry Personal Name
001 - CONTROL NUMBER
- control field: 66490
003 - CONTROL NUMBER IDENTIFIER
- control field: JO-AjAnu
005 - DATE AND TIME OF LATEST TRANSACTION
- control field: 20250310093503.0
008 - FIXED-LENGTH DATA ELEMENTS
- fixed length control field: 250310|| aca||aabn | a|a d
040 ## - CATALOGING SOURCE
- Original cataloging agency: JO-AjAnu
100 ## - HEADING--PERSONAL NAME
- Personal name: علي، مأمون محمد محمود
- Relator term: معد